000 00392nam a2200157Ia 4500
008 230917s9999||||xx |||||||||||||| ||und||
020 _cPON45
040 _e9491
_aMAIN
041 _aEnglish
082 _a541.3453 P275T
100 _aPatrick, Robert L. ed.
245 0 _aTreatise on adhesion and adhesives
260 _aNew York
_bMarcel Dekker
_c1966
300 _a476 p.
942 _cBK
999 _c197697
_d197697